Quizzes
Events
Quiz Creation
Community
Videos
Private Events
Remove Ads
Sign In
Join for FREE
Feedback
Dark Mode
Quiz Categories
Sports
Geography
Music
Movies
Television
Just For Fun
Miscellaneous
History
Literature
Language
Science
Gaming
Entertainment
Religion
Holiday
For Kids
Quiz Lab
Recent
Popular Today
Quiz Kudos Today
Editor Picks
Curator Picks
Quizzes by...
Day
Popularity
Type
Ratings
Length
Year
Community
Subscriptions
Recent Discussions
Orange Saloon
Badges
Playlists
Quests
Create
Leaderboards
Showdown
Live 5
Trivia Bingo
Activity
Puzzle Library
Sporcle Events
Private Events
Virtual Trivia
Globe League
Become a Host
Pub Owners
SporcleCon
Opinionation
Our Games
Videos
Blog
Mobile Apps
Partnerships
Remove Ads and Go Orange
Feedback
Sports
Athletes
MLB
NBA
NHL
NFL
Soccer
Sports Teams
WWE
NCAA
Football
Premier League
Basketball
Baseball
Hockey
Golf
Tennis
Cricket
Rugby
Auto Racing
Olympics
World Cup
Sports
Athletes
MLB
NBA
NHL
NFL
Soccer
Sports Teams
WWE
NCAA
Football
Premier League
Basketball
Baseball
Hockey
Golf
Tennis
Cricket
Rugby
Auto Racing
Olympics
World Cup
Random Quiz
Search Sporcle
×
Quiz Lab
Quiz Lab
Sports
Football
Type in answers that appear in a list
Type in answers that appear in a list
Classic
Best Score? Go Orange.
NFL Pro Bowl MVPs Stats
Can you name the NFL Pro Bowl MVPs?
By
Namer
10m
39 Questions
615 Plays
615 Plays
615 Plays
Comments
Comments
Give Quiz Kudos
Give Quiz Kudos
-
- Ratings
hide this ad
Replay
Link that replays current quiz
Next Quiz
Link to next quiz in quiz playlist
You Got
0%
They Got
Avg Score
58%
Avg Friend Score
Upgrade to see
Score Distribution
Jump to the score distribution portion of the page
Score
0/39
Timer
10:00
0
Plays Today
Year
Player(s)
% Correct
2009
Larry Fitzgerald
98.4%
2008
Adrian Peterson
98.2%
2005
Peyton Manning
97.6%
2007
Carson Palmer
94.1%
2003
Ricky Williams
91.9%
2000
Randy Moss
90.9%
1996
Jerry Rice
90.9%
2002
Rich Gannon
90.2%
2001
Rich Gannon
90.2%
2004
Marc Bulger
85.8%
1991
Jim Kelly
83.4%
1992
Michael Irvin
81.4%
2006
Derrick Brooks
81.3%
1986
Phil Simms
80%
1999
Keyshawn Johnson & Ty Law
78.7%
1997
Mark Brunell
77.4%
1988
Bruce Smith
76.7%
1978
Walter Payton
73%
1987
Reggie White
70.2%
1983
Dan Fouts & John Jefferson
69.5%
Year
Player(s)
% Correct
1989
Randall Cunningham
66.3%
1995
Marshall Faulk
65.6%
1984
Joe Theismann
64.2%
1973
O.J Simpson
64.2%
1982
Lee Roy Selmon & Kellen Winslow
59.6%
1976
Billy 'White Shoes' Johnson
53.4%
1994
Andre Rison
39.6%
1998
Warren Moon
31.3%
1977
Mel Blount
31.1%
1985
Mark Gastineau
28%
1972
Jan Stenerud & Willie Lanier
16.9%
1993
Steve Tasker
13.2%
1979
Ahmad Rashad
13.2%
1974
Garo Yepremian
13%
1981
Ed Murray
9.8%
1971
Mel Renfro & Fred Carr
9.4%
1975
James Harris
8.6%
1980
Chuck Muncie
5%
1990
Jerry Gray
3.1%
Quiz Playlist
Details
Report
Send in Message
Add To Playlist
Classic:
Type in answers that appear in a list
Quiz Source
Last Updated: Feb 16, 2017
Quiz Scoreboard
CHALLENGE
Sign Up to Join the Scoreboard
Show All
Scores
Hide
Comments
May contain spoilers
Recently Published
Click the 1999 NBA Draft
by nibperrychub
Sports
2m
Alphabetical 'K' Countries by Flag Minefield
by ylime102
Geography
3m
Pick 6: Fruits
by JohnFran
Miscellaneous
15s
More to Explore
Quiz From the Vault
Featured Blog Post
15 Basketball Trivia Facts You Can Be March Mad About
hide this ad
You Might Also Like...
Tags
Football Quiz
NFL Quiz
Bowl
MVP
Player
pro
Pro Bowl
team
Today's Top Quizzes in Sports
Browse Sports
hide this ad
Today's Top Quizzes in Football
Browse Football
Top Contributed Quizzes in Sports
1
Les joueurs à 100 buts en Ligue 1 Uber Eats
2
Pick 6: NFL Teams
3
MLB 2 truths and a lie: Hall of Fame pitchers
4
Criteria MLB: Left Handed Sluggers
5
2022 World Cup Stars
6
Don't Strike Out: 3000 Strikeouts
7
Millionaire: NBA Finals Edition
8
Pick 6: Minor League Baseball
9
Click the 1998 NBA Draft
10
Pick 6: Olympics
Explore More
Trending Topics
Crossword
Anime
Disney
Harry Potter
Marvel
Kpop
NBA
Soccer
Pokémon
Song
WWE
Country
Puzzle
NFL
The Office
hide this ad
More By:
Namer
Quiz
Plays
Rating
Category
Featured
Created
Baseball's 100 Greatest Players
3,024
4.26
Sports
Sep 23, 2009
NBA All-star MVPs
636
4.00
Sports
Sep 24, 2009
NFL Pro Bowl MVPs
615
4.20
Sports
Sep 24, 2009
NBA Most Improved Players
422
4.00
Sports
Sep 24, 2009
Radio Caroline Top 200 Songs (1999)
163
4.50
Music
Jul 26, 2010
Go to Creator's Profile
Score Distribution
Quiz Creator Spotlight
Namer
Follow
Send a Message
Quizzes Created
-
Created Quiz Play Count
-
More By This Creator
Popular Quizzes Today
1
Countries of Asia Without Outlines Minefield
2
Find the US States - No Outlines Minefield
3
Pick 6: Fruits
4
Alphabetical 'K' Countries by Flag Minefield
5
The Countries of the World
6
Find the US States
7
US States
8
Match the Book to the Film X
More Sports Quizzes
Multiple NFL MVPs (Redux)
Published
Trending Quizzes
Pick 6: Harry Potter
Pick 6: Mountains
Pick 6: NFL Teams
Pick 6: Movie Franchises
Pick 6: Golfers
Recently Updated
NWSL Teams
pecheneg
Women's Final Four Teams by Year
bhenderson79
Presidents Quartet II
eogle
Anything But Clue(do)
eogle
Anything But Oceanian Capitals
eogle
Anything But 7
eogle
Anything But Thing
eogle
Word Ladder: February 29
pecheneg
Song Title Questions
pecheneg
Women's NCAA Tournament #1 Seeds
pecheneg
Trending Topics
Disney
Crossword
Marvel
Kpop
Harry Potter
Anime
NBA
Country
The Office
Pokémon
WWE
Soccer
NFL
Puzzle
Song
Your Account Isn't Verified!
In order to create a playlist on Sporcle, you need to verify the email address you used during registration. Go to your
Sporcle Settings
to finish the process.
Report this User
Report this user for behavior that violates our
Community Guidelines
.
Details:
Send Report
Go to the Sporcle.com Mobile Site →
Comments